K horským gorilám

Podrobná bibliografia
Hlavný autor: Demko, Matúš (Author)
Médium: Článok
Jazyk:Slovak
Témy:
Zdroj: 1. Katolícke noviny 1. Roč. 123, č. 36 (2008), s. 32 1. 0139-8512
LEADER 00832nab#a2200325#ar4500
001 000092821
003 SVKKK
005 20081128072738.0
008 080312c2008 xo |||||||||||||||b|slo
FMT
015 |a SNBRB2008/11 
038 |a SVKKK 
040 |a SVKKK  |b slo  |e AACR2 
041 0 |a slo 
044 |a xo  |c SK 
080 |a 266.2  |x (676.1)  |2 1997 
080 |a 929 Pišútová-Gerberová, Katarína  |2 1997 
100 1 |a Demko, Matúš  |4 aut 
245 1 0 |a K horským gorilám  |c Matúš Demko 
600 1 4 |a Pišútová-Gerberová, Katarína  |x misionárka  |z Uganda  |x pôsobenie 
650 0 4 |a misie  |z Uganda 
655 4 |a náboženstvo 
773 0 |t Katolícke noviny  |g Roč. 123, č. 36 (2008), s. 32  |x 0139-8512 
958 |a NT 
974 |a Čr 
992 |a RBX 
BAS
852 |a SVKKK  |b BIB 
EXP
998 |a SLO